1225 1664 1752 1400 1865 1968 1531 1482 1262 1917 1969 1478 1251 1435 1762 1027 1401 1196 1451 1238 1205 1712 1585 1333 1533 1497 1062 1312 1708 1601 1453 1458 1320 1006 1250 1086 1451 1192 1992 1883 1775 1026 1353 1150 1086 1532 1380 1393 1644 1471 1646 1350 1354 1132 1068 1872 1394 1680 1236 1810 1582 1863 1331 1662 1657 1870 1690 1399 1763 1390 1547 1675 1159 1689 1185 1720 1840 1731 1839 1145 1525 1798 1235 1259 1729 1830 1911 1216 1860 1466 1403 1814 1768 1413 1936 1102 1574 1676 1096 BCNSPRNW ULIB Ver.6.0+V

เปลี่ยนเป็นภาษาไทย

Change to English
 แสดงรายละเอียดบรรณานุกรม
  กลับหน้าหลัก

Brief Record : Get Marc (ISO 2709) : E-mail record : QR code < ปิดหน้าต่าง
LEADER : 00000nam 2200000uu 4500
001    13399123314
003     ULIB
008    140820s2556||||th 000 0 tha d
099    วจ.WP870^bป466ค
100 0  ปริศนา นวลบุญเรือง, ถาวร ล่อกา และเครือวัลย์ สารเถื่อนแก้ว
245 00 ความกลัว ความศรัทธา มิตรภาพ และการสนับสนุนของครอบครัวประสบการณ์ของสตรีที่เป็นมะเร็งเต้านมที่ได้รับการรักษาด้วยรังสี/^cปริศนา นวลบุญเรือง, ถาวร ล่อกา และเครือวัลย์ สารเถื่อนแก้ว
650  0 มะเร้งเต้านม^xวิจัย
700 0  ถาวร ล่อกา ^eผู้ร่วมวิจัย
700 0  เครือวัลย์ สารเถื่อนแก้ว ^eผู้ร่วมวิจัย
945    ^p0^l0^i034615
999    ^aเกษร โพธิ์สุวรรณ
รายการนี้ยังไม่มีแท็ก
คุณยังไม่ได้ล็อกอิน คุณสามารถมีกิจกรรมร่วมกับเว็บไซต์ได้ แต่ต้องล็อกอินก่อน ::
  ล็อกอิน

รายการสื่อสารสนเทศ

ลำดับที่ ประเภท เลขเรียก/บาร์โค้ด สถานที่ สถานะ
1. งานวิจัย
งานวิจัย
วจ.WP870 ป466ค ฉ.1 
  Barcode: 034615
ห้องสมุดวิทยาเขตสวรรค์ประชารักษ์
►วิจัย
บนชั้น

BibComment


ยังไม่เคยถูกคอมเมนท์

คอมเมนท์ทรัพยากรรายการนี้
  คอมเมนท์: ความกลัว ความศรัท..


 Copyright 2026. Bcnsprnw @Library